| Tag |
First Indicator |
Second Indicator |
Subfields |
| LEADER |
00000cam a2200000 a 4500 |
| 001 |
in00001310021 |
| 005 |
20151005051854.0 |
| 007 |
he bm||||b|c| |
| 008 |
871028s1829 fr f b 000 0 fre d |
| 035 |
|
|
|a (OCoLC)16906445
|
| 035 |
|
|
|9 AHA8709AM
|
| 040 |
|
|
|a SBM
|c SBM
|d TXA
|d UtOrBLW
|
| 049 |
|
|
|a TXAI
|
| 090 |
|
|
|a QE26
|b .D45 1829
|
| 099 |
|
|
|a fiche C
|a 9399 no.523
|
| 100 |
1 |
|
|a Demerson, J.-L.
|
| 245 |
1 |
3 |
|a La géologie enseignée en vingt-deux leçons, ou, Histoire naturelle du globe terrestre /
|c par J.-L. Demerson.
|
| 264 |
|
1 |
|a Paris :
|b Audin,
|c 1829.
|
| 300 |
|
|
|a viii, 568 pages :
|b 20 plates (part. color) ;
|c 18 cm.
|
| 336 |
|
|
|a text
|b txt
|2 rdacontent
|
| 337 |
|
|
|a microform
|b h
|2 rdamedia
|
| 338 |
|
|
|a microfiche
|b he
|2 rdacarrier
|
| 500 |
|
|
|a "Ouvrage orné de Planches"
|
| 533 |
|
|
|a Microfiche.
|b New Canaan, Conn. :
|c Readex Microprint,
|d [1987].
|e 11 microfiches ; 11 x 15 cm.
|f (Landmarks II).
|
| 500 |
|
|
|a Microform.
|
| 650 |
|
0 |
|a Geology.
|
| 650 |
|
0 |
|a Geology
|x Study and teaching.
|
| 740 |
0 |
|
|a Histoire naturelle du globe terrestre.
|
| 830 |
|
0 |
|a Landmarks II Monographs.
|
| 999 |
|
|
|a MARS
|
| 999 |
f |
f |
|s 516f2366-45d1-3ce6-821a-8f99f91d0c9c
|i 11f81c5c-c969-3ed4-8702-e5de687fe96b
|t 0
|
| 952 |
f |
f |
|p normal
|a Texas A&M University
|b College Station
|c Sterling C. Evans Library
|d Evans: Microforms (3rd floor)
|t 0
|e fiche C 9399 no.523
|h Other scheme
|i microform -- microfiche
|m A14823200765
|
| 998 |
f |
f |
|a fiche C 9399 no.523
|t 0
|l Evans: Microforms (3rd floor)
|